[Event "Reykjavik Autumn"]
[Site "Reykjavik"]
[Date "2022.09.18"]
[Round "6"]
[White "Gretarsson, Hjorvar Steinn"]
[Black "Bjornsson, Eirikur K"]
[Result "1-0"]
[WhiteElo "2542"]
[BlackElo "1939"]
[PlyCount "65"]
[EventDate "2022.09.07"]
[EventType "tourn"]
[EventRounds "9"]
[EventCountry "ISL"]
[SourceTitle "EXT 2023"]
[Source "ChessBase"]
[SourceDate "2022.10.05"]
[SourceVersion "1"]
[SourceVersionDate "2022.10.05"]
[SourceQuality "1"]

1. e4 c5 2. Nf3 Nc6 3. d4 cxd4 4. Nxd4 g6 5. c4 Nf6 6. Nc3 d6 7. Be2 Nxd4 8. Qxd4 Bg7 9. Be3 0-0 10. Qd2 Be6 11. Rc1 Qa5 12. b3 Rfc8 13. f3 a6 14. Na4 Qxd2+ 15. Kxd2 Nd7 16. Rhd1 f5 17. Bd3 Rf8 18. exf5 gxf5 19. Re1 Rae8 20. Bg5 Kf7 21. Re2 Ne5 22. Nb6 Nxd3 23. Kxd3 Kg6 24. f4 Bg8 25. Bxe7 Rf7 26. Rce1 Bf8 27. Re6+ Kh5 28. Bxf8 Rxe6 29. Rxe6 Rxf8 30. Rxd6 Kg4 31. Nd7 Rc8 32. Rd4 b5 33. c5 1-0

[Event "Reykjavik Autumn"]
[Site "Reykjavik"]
[Date "2022.09.16"]
[Round "5"]
[White "Bjornsson, Eirikur K"]
[Black "Mai, Alexander Oliver"]
[Result "0-1"]
[WhiteElo "1939"]
[BlackElo "2135"]
[PlyCount "68"]
[EventDate "2022.09.07"]
[EventType "tourn"]
[EventRounds "9"]
[EventCountry "ISL"]
[SourceTitle "EXT 2023"]
[Source "ChessBase"]
[SourceDate "2022.10.05"]
[SourceVersion "1"]
[SourceVersionDate "2022.10.05"]
[SourceQuality "1"]

1. Nf3 d5 2. c4 d4 3. g3 Nc6 4. Bg2 e5 5. d3 Nf6 6. 0-0 Be7 7. b4 Bxb4 8. Nxe5 Nxe5 9. Qa4+ Nc6 10. Bxc6+ bxc6 11. Qxb4 Nd7 12. c5 Nf8 13. e3 Bh3 14. Re1 Ne6 15. Nd2 Qd5 16. e4 Qh5 17. Qa4 0-0 18. Qd1 Bg4 19. f3 Bh3 20. Qe2 Rae8 21. g4 Qg6 22. Nc4 Ng5 23. Kh1 h5 24. gxh5 Qxh5 25. Bxg5 Qxg5 26. Rg1 Qh5 27. Qf2 Re6 28. f4 Rg6 29. f5 Rxg1+ 30. Rxg1 Bg4 31. Rg3 Rb8 32. Ne5 Be2 33. Nd7 Rb1+ 34. Rg1 Bf3+ 0-1

[Event "Reykjavik Autumn"]
[Site "Reykjavik"]
[Date "2022.09.09"]
[Round "2"]
[White "Bjornsson, Eirikur K"]
[Black "Briem, Benedikt"]
[Result "0-1"]
[WhiteElo "1939"]
[BlackElo "2183"]
[PlyCount "122"]
[EventDate "2022.09.07"]
[EventType "tourn"]
[EventRounds "9"]
[EventCountry "ISL"]
[SourceTitle "EXT 2023"]
[Source "ChessBase"]
[SourceDate "2022.10.05"]
[SourceVersion "1"]
[SourceVersionDate "2022.10.05"]
[SourceQuality "1"]

1. c4 e6 2. Nc3 d5 3. d4 Nf6 4. cxd5 exd5 5. Bg5 c6 6. Qc2 Bd6 7. e3 0-0 8. Bd3 h6 9. Bh4 a5 10. Nge2 Re8 11. Bg3 Na6 12. a3 Nc7 13. 0-0 Ne6 14. Rab1 Ng5 15. Bxd6 Qxd6 16. Ng3 Ng4 17. Bf5 g6 18. Bxg4 Bxg4 19. h3 Bd7 20. f4 Nh7 21. Qf2 f5 22. Nge2 Nf6 23. Nc1 Ne4 24. Qe1 Qe7 25. Rf3 g5 26. Nd3 g4 27. Rf1 Nxc3 28. bxc3 Qxe3+ 29. Qxe3 Rxe3 30. Ne5 Bc8 31. hxg4 Ra7 32. Rf3 Re2 33. Rf2 Re4 34. gxf5 Bxf5 35. g4 Rxe5 36. gxf5 Rxf5 37. Re1 Kf7 38. Rfe2 Rxf4 39. Re7+ Kg6 40. R1e6+ Rf6 41. Re3 Rf7 42. R3e6+ Kg7 43. Rxf7+ Kxf7 44. Rxh6 Ke8 45. Kf2 Ra6 46. Ke3 Rb6 47. Rh8+ Kd7 48. Ra8 Rb3 49. Rxa5 Rxc3+ 50. Kd2 Rh3 51. Ra8 Kc7 52. Ra4 Rg3 53. Ra8 Kb6 54. Ra4 Rg7 55. Ra8 Kb5 56. Ra7 Kb6 57. Ra8 Rg2+ 58. Kd3 Rg3+ 59. Kd2 Kb5 60. Ra7 b6 61. Rb7 Rxa3 0-1

[Event "Reykjavik Congress"]
[Site "Reykjavik"]
[Date "2020.01.22"]
[Round "6"]
[White "Jonsson, Gauti Pall"]
[Black "Bjornsson, Eirikur K"]
[Result "1/2-1/2"]
[WhiteElo "2027"]
[BlackElo "1954"]
[PlyCount "87"]
[EventDate "2020.01.05"]
[EventType "swiss"]
[EventRounds "9"]
[EventCountry "ISL"]
[SourceTitle "CBM 194 Extra"]
[Source "ChessBase"]
[SourceDate "2020.03.31"]
[SourceVersion "1"]
[SourceVersionDate "2020.03.31"]
[SourceQuality "1"]

1. d4 g6 2. e4 Bg7 3. Nc3 c5 4. dxc5 Bxc3+ 5. bxc3 Qa5 6. Nf3 Qxc3+ 7. Bd2 Qxc5 8. Bd3 Nf6 9. 0-0 d6 10. Rb1 Nbd7 11. Re1 0-0 12. Rb5 Qc7 13. Bh6 Re8 14. Qa1 b6 15. Rg5 Nc5 16. e5 dxe5 17. Rgxe5 Be6 18. Bb5 Red8 19. h3 a6 20. Bf1 Rd5 21. Ng5 Rxe5 22. Rxe5 Rd8 23. Qc3 Bxa2 24. Ne4 Ne6 25. Qxc7 Nxc7 26. Rxe7 Nxe4 27. Rxc7 Nc5 28. Kh2 Bd5 29. Be3 Ne6 30. Ra7 Nc5 31. Bxc5 bxc5 32. Bxa6 Ra8 33. Rxa8+ Bxa8 34. Kg3 Kg7 35. f3 Kf6 36. Kf4 g5+ 37. Ke3 Ke5 38. g3 h6 39. Bd3 Bc6 40. f4+ gxf4+ 41. gxf4+ Kf6 42. Be4 Bd7 43. Bg2 Bf5 44. c3 1/2-1/2

[Event "Reykjavik Congress"]
[Site "Reykjavik"]
[Date "2020.01.08"]
[Round "2"]
[White "Kjartansson, Gudmundur"]
[Black "Bjornsson, Eirikur K"]
[Result "1-0"]
[WhiteElo "2453"]
[BlackElo "1954"]
[PlyCount "99"]
[EventDate "2020.01.05"]
[EventType "swiss"]
[EventRounds "9"]
[EventCountry "ISL"]
[SourceTitle "CBM 194 Extra"]
[Source "ChessBase"]
[SourceDate "2020.03.31"]
[SourceVersion "1"]
[SourceVersionDate "2020.03.31"]
[SourceQuality "1"]

1. c4 Nf6 2. Nc3 g6 3. e4 d6 4. d4 Bg7 5. Nf3 0-0 6. Be2 Nbd7 7. 0-0 e5 8. Qc2 c6 9. Rd1 Qe7 10. Be3 Re8 11. d5 c5 12. Ne1 Rf8 13. Rab1 Ne8 14. Bd3 Ndf6 15. b4 b6 16. bxc5 bxc5 17. Be2 Ng4 18. Bxg4 Bxg4 19. f3 Bc8 20. Qa4 Bd7 21. Qa6 Nc7 22. Qa5 Bc8 23. Bxc5 dxc5 24. d6 Qe6 25. dxc7 Qxc4 26. Nd3 Bh6 27. Nd5 Be6 28. Nxe5 Qc2 29. Ng4 Bxg4 30. fxg4 Bg7 31. Ne7+ Kh8 32. c8Q Raxc8 33. Nxc8 Bd4+ 34. Kh1 Rxc8 35. Qxa7 Kg7 36. Rf1 Qc4 37. a4 Be5 38. a5 Rc7 39. Qa8 Qe6 40. Qd5 Qe8 41. Rxf7+ Qxf7 42. Qxe5+ Kh6 43. g5+ Kh5 44. g4+ Kh4 45. Qg3+ Kxg5 46. h4+ Kh6 47. g5+ Kh5 48. Rg1 Qd7 49. Qf3+ Kxh4 50. Qf4+ 1-0

[Event "Reykjavik Icelandic op"]
[Site "Reykjavik"]
[Date "2018.06.09"]
[Round "10"]
[White "Bjornsson, Eirikur K"]
[Black "Johannsson, Birkir Isak"]
[Result "1/2-1/2"]
[WhiteElo "1959"]
[BlackElo "1929"]
[PlyCount "88"]
[EventDate "2018.06.01"]
[EventType "swiss"]
[EventRounds "10"]
[EventCountry "ISL"]
[SourceTitle "CBM 184 Extra"]
[Source "ChessBase"]
[SourceDate "2018.06.28"]
[SourceVersion "1"]
[SourceVersionDate "2018.06.28"]
[SourceQuality "1"]

1. d4 d5 2. c4 c6 3. Nc3 Nf6 4. Nf3 e6 5. Bg5 Nbd7 6. cxd5 exd5 7. e3 Be7 8. Bd3 Nh5 9. Bxe7 Qxe7 10. Qc2 g6 11. 0-0-0 Nb6 12. h3 Be6 13. Kb1 0-0-0 14. Rc1 Kb8 15. Rhe1 Ng7 16. Na4 Nxa4 17. Qxa4 Bf5 18. Bxf5 Nxf5 19. Rc3 Nd6 20. Qb4 Nc8 21. Qa4 Nb6 22. Qa5 Nc4 23. Qa4 Qd6 24. b3 Nb6 25. Qa5 f6 26. Rec1 Rhe8 27. Ne1 Rc8 28. Nd3 g5 29. g3 Qe6 30. Qb4 Rc7 31. a4 Nd7 32. a5 a6 33. h4 gxh4 34. gxh4 Rg8 35. Nf4 Qf5+ 36. Kb2 Rgc8 37. Qd6 Nf8 38. Rg1 Ka8 39. Rg8 Rd7 40. Qc5 Rdd8 41. Rg7 Rd7 42. Rg8 Rdd8 43. Rg7 Rd7 44. Rxd7 Nxd7 1/2-1/2

[Event "Reykjavik Icelandic op"]
[Site "Reykjavik"]
[Date "2018.06.07"]
[Round "8"]
[White "Holm, Fridgeir K"]
[Black "Bjornsson, Eirikur K"]
[Result "0-1"]
[WhiteElo "1756"]
[BlackElo "1959"]
[PlyCount "32"]
[EventDate "2018.06.01"]
[EventType "swiss"]
[EventRounds "10"]
[EventCountry "ISL"]
[SourceTitle "CBM 184 Extra"]
[Source "ChessBase"]
[SourceDate "2018.06.28"]
[SourceVersion "1"]
[SourceVersionDate "2018.06.28"]
[SourceQuality "1"]

1. e4 d5 2. exd5 Nf6 3. d4 Bg4 4. Nf3 Qxd5 5. Be2 Nc6 6. 0-0 0-0-0 7. c4 Qh5 8. Be3 e5 9. d5 e4 10. Nd4 Nxd4 11. Bxg4+ Nxg4 12. h3 Nf3+ 13. gxf3 Nxe3 14. fxe3 Qxh3 15. Qe2 Rd6 16. Rf2 Rg6+ 0-1

[Event "Reykjavik Icelandic op"]
[Site "Reykjavik"]
[Date "2018.06.05"]
[Round "6"]
[White "Hardarson, Petur Palmi"]
[Black "Bjornsson, Eirikur K"]
[Result "0-1"]
[WhiteElo "1748"]
[BlackElo "1959"]
[PlyCount "80"]
[EventDate "2018.06.01"]
[EventType "swiss"]
[EventRounds "10"]
[EventCountry "ISL"]
[SourceTitle "CBM 184 Extra"]
[Source "ChessBase"]
[SourceDate "2018.06.28"]
[SourceVersion "1"]
[SourceVersionDate "2018.06.28"]
[SourceQuality "1"]

1. d4 f5 2. f3 d5 3. e4 fxe4 4. fxe4 dxe4 5. Nc3 Nf6 6. Bg5 Nc6 7. Bb5 Qd6 8. d5 a6 9. dxc6 axb5 10. Qxd6 exd6 11. Nxb5 Kf7 12. Nxc7 Ra5 13. Bxf6 gxf6 14. b4 Rg5 15. a4 d5 16. c3 bxc6 17. b5 Bd6 18. b6 Rxg2 19. a5 Bxc7 20. bxc7 Ba6 21. Rb1 Ra2 22. Rb6 Rxa5 23. Rxc6 Rc8 24. h4 Bb7 25. Rb6 Rxc7 26. Rh3 Ba6 27. Rb2 Rac5 28. Kd2 Ke6 29. Ra2 Bd3 30. Ra3 Rb5 31. Rg3 Rb2+ 32. Ke3 Rc2 33. Nh3 R2xc3 34. Nf4+ Kd6 35. Rxc3 Rxc3 36. Rg7 Bf1+ 37. Kd2 Rf3 38. Nh5 Ke5 39. Rxh7 e3+ 40. Ke1 Bc4 0-1

[Event "Reykjavik Icelandic op"]
[Site "Reykjavik"]
[Date "2018.06.02"]
[Round "3"]
[White "Bjornsson, Eirikur K"]
[Black "Bjarnason, Saevar"]
[Result "1-0"]
[WhiteElo "1959"]
[BlackElo "2109"]
[PlyCount "47"]
[EventDate "2018.06.01"]
[EventType "swiss"]
[EventRounds "10"]
[EventCountry "ISL"]
[SourceTitle "CBM 184 Extra"]
[Source "ChessBase"]
[SourceDate "2018.06.28"]
[SourceVersion "1"]
[SourceVersionDate "2018.06.28"]
[SourceQuality "1"]

1. d4 Nf6 2. c4 e6 3. Nc3 Bb4 4. e3 0-0 5. Bd3 d5 6. cxd5 exd5 7. Nge2 c5 8. a3 Bxc3+ 9. bxc3 b6 10. 0-0 Ba6 11. Ng3 Bxd3 12. Qxd3 Nc6 13. Ra2 Re8 14. f3 Rc8 15. Raf2 Qd7 16. Bb2 Re6 17. e4 cxd4 18. cxd4 dxe4 19. fxe4 Ne5 20. Qb3 Neg4 21. d5 Nxf2 22. dxe6 Qd3 23. exf7+ Kf8 24. Qe6 1-0

[Event "Reykjavik Congress"]
[Site "Reykjavik"]
[Date "2018.01.31"]
[Round "7"]
[White "Bjornsson, Eirikur K"]
[Black "Mai, Aron Thor"]
[Result "1/2-1/2"]
[WhiteElo "1934"]
[BlackElo "2066"]
[PlyCount "29"]
[EventDate "2018.01.10"]
[EventType "swiss"]
[EventRounds "9"]
[EventCountry "ISL"]
[SourceTitle "CBM 182 Extra"]
[Source "ChessBase"]
[SourceDate "2018.02.23"]
[SourceVersion "1"]
[SourceVersionDate "2018.02.23"]
[SourceQuality "1"]

1. d4 e6 2. c4 b6 3. a3 Bb7 4. Nc3 f5 5. Nf3 Nf6 6. d5 Na6 7. g3 Nc5 8. Bg2 Nce4 9. 0-0 Nxc3 10. bxc3 exd5 11. Nd4 Ne4 12. cxd5 Qf6 13. Qd3 0-0-0 14. c4 Nc5 15. Qd2 1/2-1/2

[Event "Gardabaer-ch"]
[Site "Gardabaer"]
[Date "2017.11.06"]
[Round "5"]
[White "Bjornsson, Eirikur K"]
[Black "Karcher, Patrick"]
[Result "1/2-1/2"]
[WhiteElo "1919"]
[BlackElo "2113"]
[PlyCount "41"]
[EventDate "2017.10.13"]
[EventType "swiss"]
[EventRounds "7"]
[EventCountry "ISL"]
[SourceTitle "CBM 181 Extra"]
[Source "ChessBase"]
[SourceDate "2017.12.12"]
[SourceVersion "1"]
[SourceVersionDate "2017.12.12"]
[SourceQuality "1"]

1. c4 Nf6 2. Nc3 e6 3. e4 d6 4. d4 g6 5. Be2 Bg7 6. Nf3 b6 7. 0-0 Bb7 8. Qc2 h6 9. Rb1 a5 10. a3 0-0 11. b4 axb4 12. axb4 Nbd7 13. h3 Nh5 14. Ne1 Qh4 15. Nf3 Qf6 16. g3 Qe7 17. Re1 Nhf6 18. Bf1 e5 19. dxe5 Nxe5 20. Nxe5 Qxe5 21. Bf4 1/2-1/2

[Event "Gardabaer-ch"]
[Site "Gardabaer"]
[Date "2017.10.16"]
[Round "2"]
[White "Bjornsson, Eirikur K"]
[Black "Sigurvaldason, Hjalmar"]
[Result "1-0"]
[WhiteElo "1919"]
[BlackElo "1488"]
[PlyCount "87"]
[EventDate "2017.10.13"]
[EventType "swiss"]
[EventRounds "7"]
[EventCountry "ISL"]
[SourceTitle "CBM 181 Extra"]
[Source "ChessBase"]
[SourceDate "2017.12.12"]
[SourceVersion "1"]
[SourceVersionDate "2017.12.12"]
[SourceQuality "1"]

1. c4 Nf6 2. Nc3 g6 3. e4 d6 4. d4 Bg7 5. Nf3 0-0 6. Be2 e5 7. d5 a5 8. Bg5 h6 9. Bh4 Na6 10. Nd2 Nc5 11. 0-0 a4 12. Rb1 Bd7 13. b4 axb3 14. axb3 b6 15. Qc1 Kh7 16. b4 Nb7 17. f3 g5 18. Bf2 Ng8 19. Bd3 Ne7 20. Nb3 Ng6 21. c5 bxc5 22. bxc5 Nxc5 23. Nxc5 dxc5 24. Bxc5 Re8 25. Bb5 Bf8 26. Bxf8 Rxf8 27. Ne2 Bxb5 28. Rxb5 Qd7 29. Rb7 Rfc8 30. Qc2 Rab8 31. Rfb1 Rxb7 32. Rxb7 g4 33. fxg4 Qxg4 34. h3 Qg5 35. Qc1 Qe7 36. Kh2 Kg7 37. Ng3 Nh4 38. Qf1 Qg5 39. d6 Qd8 40. Nh5+ Kg6 41. Rxc7 Rxc7 42. dxc7 Qxc7 43. Qf6+ Kxh5 44. g4# 1-0

[Event "Gardabaer-ch"]
[Site "Gardabaer"]
[Date "2017.10.13"]
[Round "1"]
[White "Stefansson, Vignir Vatnar"]
[Black "Bjornsson, Eirikur K"]
[Result "1-0"]
[WhiteElo "2300"]
[BlackElo "1919"]
[PlyCount "87"]
[EventDate "2017.10.13"]
[EventType "swiss"]
[EventRounds "7"]
[EventCountry "ISL"]
[SourceTitle "CBM 181 Extra"]
[Source "ChessBase"]
[SourceDate "2017.12.12"]
[SourceVersion "1"]
[SourceVersionDate "2017.12.12"]
[SourceQuality "1"]

1. e4 c5 2. Nf3 g6 3. c3 d5 4. e5 Nc6 5. d4 Bg7 6. Bb5 cxd4 7. Nxd4 Bd7 8. f4 Nh6 9. 0-0 0-0 10. Bxc6 bxc6 11. b4 Qb6 12. Kh1 a5 13. Be3 axb4 14. Nc2 Qa6 15. Nxb4 Qc4 16. Bd4 Bg4 17. Nd2 Qb5 18. Qb3 Nf5 19. a4 Nxd4 20. cxd4 Qe2 21. Qc3 Bd7 22. Nd3 Rfc8 23. Nc5 Bf5 24. h3 Qh5 25. Rg1 Qh6 26. g4 Qxf4 27. Raf1 Qh6 28. gxf5 f6 29. Ndb3 fxe5 30. dxe5 d4 31. Qd3 Bxe5 32. fxg6 Rf8 33. gxh7+ Kh8 34. Rxf8+ Rxf8 35. Nd7 Qf4 36. Nxe5 Qxe5 37. Qxd4 Qxd4 38. Nxd4 Rf4 39. Ne6 Rh4 40. Kh2 Kxh7 41. Rg4 Rh5 42. Nf8+ Kh8 43. Ng6+ Kh7 44. Nxe7 1-0

[Event "ISL-chT2 1516"]
[Site "Reykjavik"]
[Date "2015.09.25"]
[Round "1.1"]
[White "Magnusson, Audbergur"]
[Black "Bjornsson, Eirikur K"]
[Result "0-1"]
[WhiteElo "1682"]
[BlackElo "1959"]
[PlyCount "50"]
[EventDate "2015.09.25"]
[EventType "team-tourn"]
[EventRounds "7"]
[EventCountry "ISL"]
[SourceTitle "EXT 2017"]
[Source "ChessBase"]
[SourceDate "2016.10.25"]
[SourceVersion "1"]
[SourceVersionDate "2016.10.25"]
[SourceQuality "1"]
[WhiteTeam "Haukar"]
[BlackTeam "Reykjavik III"]
[WhiteTeamCountry "ISL"]
[BlackTeamCountry "ISL"]

1. d4 f5 2. c4 Nf6 3. Nc3 e6 4. e3 Be7 5. Nf3 0-0 6. Bd3 d6 7. 0-0 Qe8 8. Qc2 g6 9. e4 Nc6 10. a3 fxe4 11. Nxe4 Nxe4 12. Bxe4 Rxf3 13. gxf3 Nxd4 14. Qd3 e5 15. Kh1 Qf8 16. Bxg6 hxg6 17. Qxg6+ Qg7 18. Qe8+ Bf8 19. Rg1 Bg4 20. Qxf8+ Kxf8 21. Rxg4 Qf6 22. f4 Qf5 23. h3 Kf7 24. Be3 Rh8 25. Rag1 Rxh3+ 0-1

[Event "Reykjavik Skakmot op"]
[Site "Reykjavik"]
[Date "2015.05.13"]
[Round "7"]
[White "Bjornsson, Eirikur K"]
[Black "Jonsson, Olafur Gisli"]
[Result "0-1"]
[WhiteElo "1961"]
[BlackElo "1899"]
[PlyCount "68"]
[EventDate "2015.03.25"]
[EventType "swiss"]
[EventRounds "7"]
[EventCountry "ISL"]
[SourceTitle "EXT 2016"]
[Source "ChessBase"]
[SourceDate "2015.10.08"]
[SourceVersion "1"]
[SourceVersionDate "2015.10.08"]
[SourceQuality "1"]

1. d4 d5 2. c4 c6 3. Nc3 Nf6 4. e3 e6 5. Nf3 Nbd7 6. b3 Bb4 7. Bd2 0-0 8. Be2 Qe7 9. 0-0 dxc4 10. bxc4 e5 11. Qc2 Re8 12. Rab1 a5 13. dxe5 Nxe5 14. Nxe5 Qxe5 15. f4 Qe7 16. Bd3 h6 17. Rbe1 Be6 18. Kh1 Rad8 19. e4 Ng4 20. Be2 Nxh2 21. Be3 Nxf1 22. Rxf1 Qh4+ 23. Kg1 Bg4 24. Bxg4 Qxg4 25. e5 Qg3 26. Rf3 Qe1+ 27. Kh2 Qxc3 28. Qxc3 Bxc3 29. Bb6 Bd2 30. Bxd8 Rxd8 31. Kg3 Rd4 32. f5 Kf8 33. Rb3 Rxc4 34. Rxb7 Bf4+ 0-1

[Event "Politiken Cup 36th"]
[Site "Helsingor"]
[Date "2014.07.27"]
[Round "8"]
[White "Bjornsson, Eirikur K"]
[Black "Kovshoj, Sune"]
[Result "1-0"]
[WhiteElo "1939"]
[BlackElo "2086"]
[PlyCount "75"]
[EventDate "2014.07.21"]
[EventType "swiss"]
[EventRounds "10"]
[EventCountry "DEN"]
[SourceTitle "CBM 161 Extra"]
[Source "ChessBase"]
[SourceDate "2014.08.29"]
[SourceVersion "1"]
[SourceVersionDate "2014.08.29"]
[SourceQuality "1"]

1. c4 Nf6 2. Nc3 e6 3. e4 d6 4. d4 Nbd7 5. Nf3 e5 6. Be2 exd4 7. Nxd4 Nc5 8. f3 g6 9. 0-0 Bg7 10. Be3 a5 11. Qd2 Ne6 12. Ndb5 0-0 13. Rad1 Bd7 14. Rfe1 Re8 15. Bf1 Qb8 16. Qf2 b6 17. b3 Bc6 18. g3 Rf8 19. Nd4 Bd7 20. Bg2 Qb7 21. h3 Rad8 22. f4 Qc8 23. Kh2 h5 24. e5 dxe5 25. fxe5 Nh7 26. Nd5 Rde8 27. Nf6+ Bxf6 28. exf6 Nxd4 29. Bxd4 Rxe1 30. Rxe1 Re8 31. Re7 Rxe7 32. fxe7 Qe8 33. Qe3 f6 34. Bd5+ Kg7 35. a4 Ng5 36. Qxg5 Qxe7 37. Qe3 Qd6 38. Qf4 1-0

[Event "Politiken Cup 36th"]
[Site "Helsingor"]
[Date "2014.07.25"]
[Round "6"]
[White "Bjornsson, Eirikur K"]
[Black "Andersen, Morten"]
[Result "0-1"]
[WhiteElo "1939"]
[BlackElo "2143"]
[PlyCount "52"]
[EventDate "2014.07.21"]
[EventType "swiss"]
[EventRounds "10"]
[EventCountry "DEN"]
[SourceTitle "CBM 161 Extra"]
[Source "ChessBase"]
[SourceDate "2014.08.29"]
[SourceVersion "1"]
[SourceVersionDate "2014.08.29"]
[SourceQuality "1"]

1. d4 d5 2. c4 c6 3. Nc3 Nf6 4. Bg5 dxc4 5. a4 Be6 6. e4 Nbd7 7. Qd2 Qa5 8. e5 h6 9. Be3 Ng4 10. Bf4 g5 11. Bg3 h5 12. h3 Nh6 13. Nf3 Nf5 14. Nxg5 Nxg3 15. fxg3 Bh6 16. Be2 0-0-0 17. Qe3 f6 18. exf6 Qxg5 19. Qxe6 Qd2+ 20. Kf1 Qxb2 21. Rb1 Qxc3 22. Bf3 Qd3+ 23. Kf2 Qxd4+ 24. Ke2 Qxf6 25. Qxc4 Nb6 26. Rxb6 Rd2+ 0-1

[Event "Reykjavik op"]
[Site "Reykjavik"]
[Date "2014.03.10"]
[Round "8"]
[White "Bjornsson, Eirikur K"]
[Black "Jonsson, Gauti Pall"]
[Result "0-1"]
[WhiteElo "1958"]
[BlackElo "1618"]
[PlyCount "74"]
[EventDate "2014.03.04"]
[EventType "swiss"]
[EventRounds "10"]
[EventCountry "ISL"]
[SourceTitle "CBM 159 Extra"]
[Source "ChessBase"]
[SourceDate "2014.04.24"]
[SourceVersion "1"]
[SourceVersionDate "2014.04.24"]
[SourceQuality "1"]

1. c4 Nf6 2. Nc3 g6 3. e4 d6 4. d4 Bg7 5. Nge2 0-0 6. Ng3 e5 7. d5 Ne8 8. Be2 f5 9. exf5 gxf5 10. f4 Qh4 11. 0-0 Bh6 12. Nh5 Ng7 13. g3 Qe7 14. Be3 Na6 15. Qd2 Nxh5 16. Bxh5 Bd7 17. Rae1 Be8 18. Bd1 e4 19. Kh1 Nc5 20. Bc2 a5 21. b3 Bh5 22. Bd4 Qf7 23. a3 Bf3+ 24. Kg1 Qh5 25. b4 axb4 26. axb4 Nd7 27. Nd1 Ne5 28. Ne3 Bxf4 29. gxf4 Kf7 30. fxe5 Rg8+ 31. Ng2 Qh3 32. e6+ Ke7 33. Rf2 Rg4 34. Bd1 Rag8 35. Ree2 Rh4 36. Be5 dxe5 37. d6+ cxd6 0-1

[Event "Reykjavik op"]
[Site "Reykjavik"]
[Date "2014.03.06"]
[Round "4"]
[White "Edvardsson, Kristjan"]
[Black "Bjornsson, Eirikur K"]
[Result "1-0"]
[WhiteElo "2233"]
[BlackElo "1958"]
[PlyCount "63"]
[EventDate "2014.03.04"]
[EventType "swiss"]
[EventRounds "10"]
[EventCountry "ISL"]
[SourceTitle "CBM 159 Extra"]
[Source "ChessBase"]
[SourceDate "2014.04.24"]
[SourceVersion "1"]
[SourceVersionDate "2014.04.24"]
[SourceQuality "1"]

1. d4 d5 2. c4 e6 3. Nf3 c5 4. g3 Nc6 5. Bg2 Nf6 6. 0-0 Be7 7. cxd5 exd5 8. Nc3 0-0 9. dxc5 d4 10. Na4 Bf5 11. Nh4 Be6 12. b3 Nd7 13. Nf3 Nxc5 14. Nxc5 Bxc5 15. Qc2 Be7 16. Bb2 Qd7 17. Rad1 Bf6 18. e3 Bf5 19. Qc1 Rac8 20. Qa1 Nb4 21. Bxd4 Nc2 22. Qb2 Nxd4 23. Nxd4 Rc7 24. Qa3 b6 25. Nxf5 Qxf5 26. Qd6 Rc2 27. a4 h6 28. Qd7 Qe6 29. Qxa7 Qxb3 30. Rd7 Rc5 31. Rb7 Ra5 32. Qxa5 1-0

[Event "Reykjavik op"]
[Site "Reykjavik"]
[Date "2014.03.05"]
[Round "2"]
[White "Birkisson, Bardur Orn"]
[Black "Bjornsson, Eirikur K"]
[Result "0-1"]
[WhiteElo "1475"]
[BlackElo "1958"]
[PlyCount "86"]
[EventDate "2014.03.04"]
[EventType "swiss"]
[EventRounds "10"]
[EventCountry "ISL"]
[SourceTitle "CBM 159 Extra"]
[Source "ChessBase"]
[SourceDate "2014.04.24"]
[SourceVersion "1"]
[SourceVersionDate "2014.04.24"]
[SourceQuality "1"]

1. e4 c5 2. Nc3 e6 3. g3 d5 4. Bg2 d4 5. Nce2 Nc6 6. d3 e5 7. f4 f6 8. Nf3 Be6 9. Bd2 Qd7 10. 0-0 h6 11. a3 Bd6 12. c3 Nge7 13. cxd4 cxd4 14. Rc1 0-0 15. f5 Bf7 16. Qe1 b5 17. g4 Rab8 18. b4 a5 19. Qh4 Kh7 20. Rb1 axb4 21. axb4 Ng8 22. Bh3 Ra8 23. Rf2 Ra3 24. g5 Bc4 25. dxc4 bxc4 26. gxh6 gxh6 27. Qg3 Qg7 28. Ng5+ Qxg5 29. Bxg5 Rxg3+ 30. hxg3 hxg5 31. b5 Nb4 32. Rff1 c3 33. Ra1 Bc5 34. Kg2 Nc2 35. Rab1 g4 36. Bxg4 Ne3+ 37. Kf3 c2 38. Rh1+ Nh6 39. Ra1 d3 40. Ra6 d2 41. Rc6 d1Q 42. Rc7+ Kg8 43. Rxh6 Qf1# 0-1

[Event "Reykjavik op"]
[Site "Reykjavik"]
[Date "2014.03.05"]
[Round "3"]
[White "Bjornsson, Eirikur K"]
[Black "Van Weersel, Arlette"]
[Result "1/2-1/2"]
[WhiteElo "1958"]
[BlackElo "2176"]
[PlyCount "57"]
[EventDate "2014.03.04"]
[EventType "swiss"]
[EventRounds "10"]
[EventCountry "ISL"]
[SourceTitle "CBM 159 Extra"]
[Source "ChessBase"]
[SourceDate "2014.04.24"]
[SourceVersion "1"]
[SourceVersionDate "2014.04.24"]
[SourceQuality "1"]

1. d4 Nf6 2. c4 g6 3. Nc3 d5 4. Nf3 Bg7 5. cxd5 Nxd5 6. Qb3 Nb6 7. Bg5 Be6 8. Qc2 h6 9. Bh4 Nc6 10. Rd1 Nb4 11. Qb1 0-0 12. e3 Bf5 13. e4 Bg4 14. Be2 c6 15. a3 Na6 16. 0-0 Nc7 17. Ne5 Bxe2 18. Nxe2 Nd7 19. f4 Nb5 20. Qa2 Nxe5 21. dxe5 Qe8 22. Qc4 Rd8 23. a4 Nc7 24. Qc5 g5 25. fxg5 Ne6 26. Qe3 Bxe5 27. gxh6 Kh7 28. Qf3 Kh8 29. Qh5 1/2-1/2

[Event "Reykjavik op"]
[Site "Reykjavik"]
[Date "2014.03.04"]
[Round "1"]
[White "Bjornsson, Eirikur K"]
[Black "Ezat, Mohamed Mahmoud"]
[Result "0-1"]
[WhiteElo "1958"]
[BlackElo "2439"]
[PlyCount "80"]
[EventDate "2014.03.04"]
[EventType "swiss"]
[EventRounds "10"]
[EventCountry "ISL"]
[SourceTitle "CBM 159 Extra"]
[Source "ChessBase"]
[SourceDate "2014.04.24"]
[SourceVersion "1"]
[SourceVersionDate "2014.04.24"]
[SourceQuality "1"]

1. d4 Nf6 2. c4 c5 3. d5 e5 4. Nc3 d6 5. e4 g6 6. Nf3 Bg7 7. Be2 0-0 8. Bg5 h6 9. Bh4 Qb6 10. Rb1 Nh5 11. 0-0 Nf4 12. Ne1 f5 13. f3 Nd7 14. a3 Bf6 15. Bf2 Qd8 16. Nd3 Bg5 17. b4 h5 18. bxc5 Nxd3 19. Bxd3 Nxc5 20. Na4 fxe4 21. Nxc5 exd3 22. Ne4 b6 23. Qxd3 Bf5 24. a4 Rc8 25. a5 bxa5 26. Rb7 Rf7 27. Rfb1 Rxb7 28. Rxb7 Rc7 29. Rb5 a4 30. g4 hxg4 31. fxg4 Bxe4 32. Qxe4 Qf6 33. Ra5 Rf7 34. Qe2 Bh4 35. Bxa7 Qd8 36. c5 Qxa5 37. Bb6 Qe1+ 38. Qxe1 Bxe1 39. c6 a3 40. c7 Rxc7 0-1